Computer fundamentals and programming in C (Record no. 5017)

MARC details
000 -LEADER
fixed length control field 00469nam a2200169Ia 4500
003 - CONTROL NUMBER IDENTIFIER
control field SGT
020 ## - INTERNATIONAL STANDARD BOOK NUMBER
International Standard Book Number 9780195676846
082 ## - DEWEY DECIMAL CLASSIFICATION NUMBER
Classification number 5.133
Item number DEY
100 ## - MAIN ENTRY--PERSONAL NAME
Personal name Dey,Pradip
245 ## - TITLE STATEMENT
Title Computer fundamentals and programming in C
260 ## - PUBLICATION, DISTRIBUTION, ETC. (IMPRINT)
Name of publisher, distributor, etc Oxford University Press
Place of publication, distribution, etc N.Delhi
Year of Publication 2009
300 ## - PAGE DESCRIPTION
No. of Pages 818p.
650 ## - SUBJECT ADDED ENTRY--TOPICAL TERM
Topical term or geographic name as entry element COMPUTER SCIENCE
653 ## - KEYWORDS--INDEX TERM
Keyword term COMPUTER FUNDAMENTALS,NUMBER SYSTEM,BOOLEAN ALGEBRA,INPUT OUTPUT,FUNCTION
700 ## - ADDED ENTRY--PERSONAL NAME
Personal name Ghosh,Manas
942 ## - ADDED ENTRY ELEMENTS (KOHA)
Source of classification or shelving scheme Dewey Decimal Classification
Koha item type Books
942 ## - ADDED ENTRY ELEMENTS (KOHA)
-- 15
Holdings
Withdrawn status Lost status Source of classification or shelving scheme Damaged status Not for loan Home library Current library Date acquired SGTU Total Checkouts Full call number Accession No. (Barcode) Date last seen Date last borrowed Bill Date Koha item type Use restrictions Collection code Shelving location Total Renewals
    Dewey Decimal Classification     SGT Engineering Library SGT Engineering Library 14/06/2010 SGTU 4 5.133 DEY FE2270 22/10/2024 22/10/2024 09/02/2015 Books        
    Dewey Decimal Classification     SGT Engineering Library SGT Engineering Library 14/06/2010 SGTU 11 5.133 DEY FE2271 18/04/2025 07/04/2025 09/02/2015 Books        
    Dewey Decimal Classification     SGT Engineering Library SGT Engineering Library 14/06/2010 SGTU   5.133 DEY FE2272 09/02/2015   09/02/2015 Books        
    Dewey Decimal Classification   Not For Loan SGT Engineering Library SGT Engineering Library 14/06/2010 SGTU   5.133 DEY FE2273 09/02/2015   09/02/2015 Books Restricted Access ENGINEERING Reference Book  
    Dewey Decimal Classification     SGT Engineering Library SGT Engineering Library 14/06/2010 SGTU 8 5.133 DEY FE2274 28/11/2025 17/11/2025 09/02/2015 Books       1